000 00204nam a2200085Ia 4500
245 0 _aStars!
100 _a RAI, Bali London, 2009
_977646
942 _cBK
008 210817s9999 xx 000 0 und d
999 _c265841
_d265839